<?xml version="1.0" encoding="UTF-8"?>
<collection xmlns="http://www.loc.gov/MARC21/slim">
  <record>
    <leader>00000nam  2200000   4500</leader>
    <controlfield tag="001">INLIS000000000016365</controlfield>
    <controlfield tag="005">20231113091536</controlfield>
    <datafield tag="035" ind1="#" ind2="#">
      <subfield code="a">0010-1123000008</subfield>
    </datafield>
    <datafield tag="245" ind1="1" ind2="#">
      <subfield code="a">STRATEGI PENYERAPAN TENAGA KERJA LOKAL MELALUI PELATIHAN KERJA :</subfield>
      <subfield code="b">Bidang Pelatihan dan produktivitas Tenaga Kerja Dinas Ketenagakerjaan Kota Balikpapan /</subfield>
      <subfield code="c">ERWIN, S.E</subfield>
    </datafield>
    <datafield tag="100" ind1=" " ind2="#">
      <subfield code="a">ERWIN</subfield>
    </datafield>
    <datafield tag="250" ind1="#" ind2="#">
      <subfield code="a">1</subfield>
    </datafield>
    <datafield tag="300" ind1="#" ind2="#">
      <subfield code="a">72 halaman ; lampiran :</subfield>
      <subfield code="b">ilustrasi ;</subfield>
      <subfield code="c">30 cm</subfield>
    </datafield>
    <datafield tag="260" ind1="#" ind2="#">
      <subfield code="a">Samarinda :</subfield>
      <subfield code="b">Puslatbang KDOD,</subfield>
      <subfield code="c">2023</subfield>
    </datafield>
    <datafield tag="084" ind1="#" ind2="#">
      <subfield code="a">PKA 173 2023</subfield>
    </datafield>
    <datafield tag="600" ind1="#" ind2="4">
      <subfield code="a">Proyek Perubahan</subfield>
    </datafield>
    <datafield tag="600" ind1="#" ind2="4">
      <subfield code="a">Administrator</subfield>
    </datafield>
    <datafield tag="600" ind1="#" ind2="4">
      <subfield code="a">manajemen database</subfield>
    </datafield>
    <datafield tag="600" ind1="#" ind2="4">
      <subfield code="a">teknologi informasi</subfield>
    </datafield>
    <datafield tag="600" ind1="#" ind2="4">
      <subfield code="a">data statistik</subfield>
    </datafield>
    <datafield tag="600" ind1="#" ind2="4">
      <subfield code="a">sistem informasi</subfield>
    </datafield>
    <datafield tag="600" ind1="#" ind2="4">
      <subfield code="a">portal informasi</subfield>
    </datafield>
    <datafield tag="500" ind1="#" ind2="#">
      <subfield code="a">Coach : Veronika Hanna Naibaho, SS.MAP, M.Sc&#13;
Penguji : Hj. Silvia Rahmadina, AP&#13;
Mentor : Ani Mufaidah, S.IP, M.Si</subfield>
    </datafield>
    <datafield tag="520" ind1="#" ind2="#">
      <subfield code="a">Proyek perubahan ini menjelaskan belum optimalnya penyerapan tenaga kerja lokal di industri Kota Balikpapan melalui pelatihan kerja. Strategi Penyerapan Tenaga Kerja Lokal melalui Tenaga Kerja melalui Pelatihan Kerja untuk meningkatkan skill pencari kerja melalui pendidikan pelatihan bagi tenaga kerja lokal sehingga tersedia tenaga kerja lokal yang mampu bersaing dengan tenaga kerja dari luar dan terserap di industri/perusahaan.</subfield>
    </datafield>
    <controlfield tag="008">231113################|##########|#|##</controlfield>
    <datafield tag="020" ind1="#" ind2="#">
      <subfield code="a">-</subfield>
    </datafield>
    <datafield tag="082" ind1="#" ind2="#">
      <subfield code="a">-</subfield>
    </datafield>
    <datafield tag="990" ind1="#" ind2="#">
      <subfield code="a">PKA/173/2023</subfield>
    </datafield>
  </record>
</collection>
